An inquiry concerning human understanding : (Record no. 993)
[ view plain ]
| 000 -LEADER | |
|---|---|
| fixed length control field | 00970nam a2200217 4500 |
| 001 - CONTROL NUMBER | |
| control field | 1361 |
| 008 - FIXED-LENGTH DATA ELEMENTS--GENERAL INFORMATION | |
| fixed length control field | 840913r1955 inu b 00010 eng |
| 010 ## - LIBRARY OF CONGRESS CONTROL NUMBER | |
| LC control number | 84214123 |
| 020 ## - INTERNATIONAL STANDARD BOOK NUMBER | |
| International Standard Book Number | 0672602180 (pbk.) |
| 100 10 - MAIN ENTRY--PERSONAL NAME | |
| Personal name | Hume, David, |
| Dates associated with a name | 1711-1776. |
| 245 13 - TITLE STATEMENT | |
| Title | An inquiry concerning human understanding : |
| Remainder of title | with a supplement, An abstract of A treatise of human nature / |
| Statement of responsibility, etc. | David Hume ; edited, with an introduction by Charles W. Hendel. |
| 260 0# - PUBLICATION, DISTRIBUTION, ETC. | |
| Place of publication, distribution, etc. | Indianapolis : |
| Name of publisher, distributor, etc. | Bobbs-Merrill Educational Pub., |
| Date of publication, distribution, etc. | c1955 |
| 300 ## - PHYSICAL DESCRIPTION | |
| Extent | lvi, 198 p. ; |
| Dimensions | 21 cm. |
| 490 0# - SERIES STATEMENT | |
| Series statement | The Library of liberal arts |
| 500 ## - GENERAL NOTE | |
| General note | Originally published under title: Philosophical essays concerning human understanding. |
| 504 ## - BIBLIOGRAPHY, ETC. NOTE | |
| Bibliography, etc. note | Includes bibliographies. |
| 650 #0 - SUBJECT ADDED ENTRY--TOPICAL TERM | |
| Topical term or geographic name entry element | Knowledge, Theory of |
| General subdivision | Early works to 1800. |
| 700 10 - ADDED ENTRY--PERSONAL NAME | |
| Personal name | Hendel, Charles William, |
| Dates associated with a name | 1890- |
| Personal name | Hume, David, |
| Dates associated with a name | 1711-1776. |
| Title of a work | Abstract of A treatise of human nature. |
| Date of a work | 1955. |
| 740 01 - ADDED ENTRY--UNCONTROLLED RELATED/ANALYTICAL TITLE | |
| Uncontrolled related/analytical title | Philosophical essays concerning human understanding. |
| Withdrawn status | Lost status | Source of classification or shelving scheme | Damaged status | Not for loan | Collection code | Home library | Current library | Shelving location | Date acquired | Serial Enumeration / chronology | Inventory number | Total Checkouts | Full call number | Barcode | Date last seen | Price effective from | Koha item type |
|---|---|---|---|---|---|---|---|---|---|---|---|---|---|---|---|---|---|
| Dewey Decimal Classification | Main TEST | RTC Library | RTC Library | Main opac | 27/11/2018 | 883 | 121 HUM | 30005022 | 27/11/2018 | 27/11/2018 | Main |